000
00282nam a2200085Ia 4500
008
220120s9999||||xx |||||||||||||| ||und||
100
_a
Arun, C. P and Bhaskar
_9
12183
245
0
_a
Vehicle overspeed control and tickiling system
260
_a
Coorg Institute of Technology
_b
Ponnampet
_c
2009
999
_c
137769
_d
137769